|
|
|
|
| LEADER |
00000nas a2200000 a 4500 |
| 001 |
ssj0000685458 |
| 003 |
WaSeSS |
| 005 |
20200512172242.0 |
| 006 |
m d |
| 007 |
cr n |
| 008 |
120520c19uu9999sp q| p|s|||||| |0spa d |
| 022 |
|
|
|a 1575-2844
|l 1575-2844
|
| 035 |
|
|
|a (WaSeSS)ssj0000685458
|
| 040 |
|
|
|a WaSeSS
|c WaSeSS
|d WaSeSS
|
| 050 |
|
4 |
|a P87
|
| 210 |
0 |
|
|a Vivat acad.
|b (Alcalá Hen.)
|
| 222 |
|
0 |
|a Vivat academia
|b (Alcalá de Henares)
|
| 245 |
0 |
0 |
|a Vivat academia
|h [electronic resource].
|
| 260 |
|
|
|a Madrid :
|b Universidad Complutense de Madrid
|
| 310 |
|
|
|a Quarterly
|
| 506 |
|
|
|a License restrictions may limit access.
|
| 588 |
|
|
|a Description based on: no 111 (Junio 2010); title from article pdf (INFOTRAC Informe, viewed April 27, 2012).
|
| 588 |
|
|
|a Latest issue consulted: no 114 (Marzo 2011) (viewed April 27, 2012).
|
| 650 |
|
0 |
|a Communication
|v Periodicals.
|
| 655 |
|
0 |
|a Electronic journals.
|
| 710 |
2 |
|
|a Universidad Complutense de Madrid.
|
| 856 |
4 |
0 |
|z Full text available from Research Library: 12/01/2010 to present
|u https://search.proquest.com/publication/1006345
|
| 856 |
4 |
0 |
|z Full text available from PRISMA Database with HAPI Index: 12/01/2010 to 03/31/2017
|u https://search.proquest.com/publication/2026657
|